Регионална библиотека "Любен Каравелов" - Русе

Заветни думи (Запис номер 331759)

MARC детайли
000 -Лидер
Контролно поле с фиксирана дължина nam a22 a 4500
003 - Код на организацията, давaща контролен номер
Контролно поле BLK
005 - Дата и час на последна редакция
Контролно поле 20201204085553.0
008 - Елементи от данни с фиксирана дължина
fixed length control field 190619b bu ||||| |||| 00| 0 bu d
020 ## - Международен стандартен номер на книга ISBN
Международен стандартен номер на книга ISBN 9789542722434
040 ## - Източник на каталожния запис
Идентификатор на билиотеката - собственик на записа BLK
041 ## - Код за език
Код за езика на текст/звукозапис или на отделно заглавие Български
Код за езика КДБФ Български
080 ## - УДК
Текстов определител УДК Английска литература
УДК код - определител по УДК 821.111
УДК определител -31
УДК - код + определител 821.111-31
100 ## - Редна дума - Автор
Автор Шпилман, Лори Нелсън
Авторска отговорност първи автор
R(LIN) 1299
139 ## - Редно поле
Авторски знак Шпи - Ш 94
245 ## - Сведения за заглавието
Заглавие Заветни думи
Редно поле (дума) Лори Нелсън Шпилман; прев. от англ. Анелия Янева.
260 ## - Област на издателските данни
9 (RLIN) 390250
Място на издаване, разпространение и проч. София
Име на издателя, разпространителя и проч. Анишър
Година на издаване 2018
300 ## - Физическа характеристика
Страници 367 с.
Размери/Мащаб 21 см
380 ## - Жанр
Жанр Худож. лит.
500 ## - Общи забележки
Забележка Ориг. загл.: Quote me / Lori Nelson Spielman. - Анишър - търг. марка на Егмонт България.
700 ## - Други автори (авторска отговорност)
9 (RLIN) 323555
Лично име Янева, Анелия Великова
Автороска отговорност (Описва отношението между автора и произведението) прев. от англ.
852 ## - Местоположение
Форматна сигнатура Цб 295191
999 ## - СИСТЕМНИ КОНТРОЛНИ НОМЕРА
Koha biblionumber 331759
Koha biblioitemnumber 331759
942 ## - АРТИКУЛИ
Вид на библиотечния материал Книги
Скрит в OPAC Не
Периодичен библиозапис Да
Koha issues (borrowed), all copies 1
944 ## - СЪЗДАВАНЕ И РЕДАКЦИЯ на ЗАПИСА
Създаване/Редакция Създаване
Служител, извършил регистрацията/редакцията Симона Петрова
999 ## - СИСТЕМНИ КОНТРОЛНИ НОМЕРА
Koha biblioitemnumber 331759
Наличности
Код за отписване Код за изгубен артикул Източник на класификационната схема Код за повреда Коз за рестрикции Код за отдаване Артикулен № Име на библиотеката - собственик Име на библиотеката, в която се намира в момента Статус (Текущо местоположение) Дата на вписване в системата Местоположение - отдел Цена в лева Систематично азбучна сигнатура Баркод Цена в евро Служебен тип на артикула
  Не е изгубен Universal Decimal Classification Не е повреден само за читалня ползва се в читалня 724464 Регионална библиотека "Любен Каравелов" Русе Регионална библиотека "Любен Каравелов" Русе Хранилище 2019-06-26 Хранилище 19.90 Цб 295191 120000832594 10.17 Книги
  Не е изгубен Universal Decimal Classification Не е повреден без рестрикции заемане за дома 800670 Регионална библиотека "Любен Каравелов" Русе Регионална библиотека "Любен Каравелов" Русе Заемна - подръчен фонд 2020-09-26 Заемна - подръчен фонд 14.52 821-31/Ш 94 Л 120000847796 7.42 Книги
Vip Innovations Ltd, Rousse, Bulgaria 2025